Del escribano al secretario municipal Antecedentes, origen y evolucin̤ de los cuerpos nacionales hasta la ley de bases del rǧimen local /

Bibliographic Details
Main Author: Vera Torrecillas, Rafael Jess︢
Format: eBook
Language:Spanish
Published: Madrid: Dykinson, 2021
Subjects:
Online Access:Acceso restringido

MARC

LEADER 00000nam a22000007a 4500
005 20220719224634.0
007 cr|||| ||||
008 220719s2021 es |||||s|||| 00||0 spa d
020 |a 978-84-1122-084-2 
035 |a 36459 
040 |a vLex 
090 |c 13592  |d 13592 
100 1 |a Vera Torrecillas, Rafael Jess︢ 
245 1 3 |a Del escribano al secretario municipal  |h [Recurso electrn̤ico] :  |b Antecedentes, origen y evolucin̤ de los cuerpos nacionales hasta la ley de bases del rǧimen local /  |c Rafael Jess︢ Vera Torrecillas 
256 |a Servicio en ln̕ea 
260 |a Madrid:  |b Dykinson,  |c 2021 
300 |a 1 recurso electrn̤ico 
500 |a El libro que el lector tiene en sus manos es un estudio sobre el proceso de evolucin̤ de la institucin̤ del escribano pb︢lico del Concejo y su transformacin̤ en el secretario de Ayuntamiento, ya en el siglo XIX, as ̕como la evolucin̤ de estos funcionarios hasta la desaparicin̤ de los Cuerpos Nacionales de Administracin̤ Local y su reconversin̤ en los actuales funcionarios de Administracin̤ local con habilitacin̤ de carc̀ter nacional. Si hay algo que, por encima de las diferencias existentes entre el escribano del Concejo medieval y el secretario municipal liberal, comparten ambas instituciones, es su posicin̤ central en la burocracia local y el hecho de ser depositarios de la fe pb︢lica, los convierte en pieza esencial de toda la maquinaria administrativa municipal. El autor ha prestado especial atencin̤ a los principales trabajos de historiadores y juristas que han abordado el estudio de esta institucin̤, procurando su sistematizacin̤ e identificando futuras ln̕eas de investigacin̤. 
506 1 |a Disponible solo en los productos indicados  |d vLex Global  |d vLex Global (Academic Edition, excluding Law Schools)  |d vLex Global (U.S. Academic Edition, Law Schools)  |d vLex Global (U.S. Academic Edition, excluding Law Schools)  |d vLex Global (Academic Edition, Law Schools) 
650 0 4 |a Derecho Militar  |z Espaą 
650 0 4 |a Historia y geografa̕  |z Espaą 
740 0 |a vLex Libros (Servicio en ln̕ea) 
856 4 0 |u https://app.vlex.com/#/sources/36459  |z Acceso restringido 
942 |c BOOK 
999 0 |a Military Law 
999 0 |a History and geography